<?xml version="1.0" encoding="UTF-8"?>
<collection xmlns:xsi="http://www.w3.org/2001/XMLSchema-instance" xsi:schemaLocation="http://www.loc.gov/MARC21/slim http://www.loc.gov/standards/marcxml/schema/MARC21slim.xsd" xmlns="http://www.loc.gov/MARC21/slim">
 <record>
  <leader>00000cam a22000003a 4500</leader>
  <controlfield tag="001">UP-1685523046126355448</controlfield>
  <controlfield tag="003">Buklod</controlfield>
  <controlfield tag="005">20230913151533.0</controlfield>
  <controlfield tag="006">t|    r    |||| u|</controlfield>
  <controlfield tag="007">ta</controlfield>
  <controlfield tag="008">230913s2021    xx     d     |||| ||    |</controlfield>
  <datafield tag="020" ind1=" " ind2=" ">
   <subfield code="a">9786219643306</subfield>
  </datafield>
  <datafield tag="035" ind1=" " ind2=" ">
   <subfield code="a">(iLib)UPMNL-00016996142</subfield>
  </datafield>
  <datafield tag="040" ind1="0" ind2=" ">
   <subfield code="a">NLM</subfield>
   <subfield code="b">eng</subfield>
   <subfield code="e">rda</subfield>
   <subfield code="c">NLM</subfield>
   <subfield code="d">NTTC</subfield>
  </datafield>
  <datafield tag="041" ind1="0" ind2=" ">
   <subfield code="a">eng</subfield>
  </datafield>
  <datafield tag="090" ind1="0" ind2="4">
   <subfield code="a">RT 73</subfield>
   <subfield code="b">A77 2021</subfield>
  </datafield>
  <datafield tag="100" ind1="1" ind2=" ">
   <subfield code="a">Arquiza, Glenda S.</subfield>
   <subfield code="e">author</subfield>
  </datafield>
  <datafield tag="245" ind1="0" ind2="0">
   <subfield code="a">CoVID</subfield>
   <subfield code="b">collaborative virtual instructional designs for teaching and learning nursing</subfield>
   <subfield code="c">Glenda S. Arquiza, Ray A. Gapuz, authors.</subfield>
  </datafield>
  <datafield tag="264" ind1=" " ind2="1">
   <subfield code="a">[Manila]</subfield>
   <subfield code="b">International Center for Advanced Review and Training (ICART) Inc.</subfield>
   <subfield code="c">c2021</subfield>
  </datafield>
  <datafield tag="300" ind1=" " ind2=" ">
   <subfield code="a">xii, 201 pages</subfield>
   <subfield code="c">23cm.</subfield>
  </datafield>
  <datafield tag="336" ind1=" " ind2=" ">
   <subfield code="a">text</subfield>
   <subfield code="b">txt</subfield>
   <subfield code="2">rdacontent</subfield>
  </datafield>
  <datafield tag="337" ind1=" " ind2=" ">
   <subfield code="a">unmediated</subfield>
   <subfield code="2">rdamedia</subfield>
  </datafield>
  <datafield tag="338" ind1=" " ind2=" ">
   <subfield code="a">volume</subfield>
   <subfield code="b">nc</subfield>
   <subfield code="2">rdacarrier</subfield>
  </datafield>
  <datafield tag="504" ind1=" " ind2=" ">
   <subfield code="a">Includes bibliographical references</subfield>
  </datafield>
  <datafield tag="505" ind1="0" ind2="0">
   <subfield code="a">Part A: How to choose ubiquitous technology for teaching and learning -- Constructionism as a framework for collaborative learning -- The five domains of learning -- The nine events of instruction -- Competencies for online instruction -- Characteristics of adult leaners -- Technologytools -- WILD teaching and leaning in nursing -- Conceptual model for the use of technology for teaching and learning in nursing -- Part B: How to integrate social media and social networking sites in teaching and learning nursing -- Components of the teaching and learning blueprint -- Examples of collaborative virtual instructional design blueprints and teaching scripts -- Fundamentals of nursing practice -- Community health nursing -- Maternal and child health nursing -- Medical-surgical nursing.</subfield>
  </datafield>
  <datafield tag="650" ind1="1" ind2="2">
   <subfield code="a">Education, Nursing.</subfield>
  </datafield>
  <datafield tag="650" ind1="0" ind2="0">
   <subfield code="a">Nursing</subfield>
   <subfield code="x">Study and teaching.</subfield>
  </datafield>
  <datafield tag="650" ind1="0" ind2="0">
   <subfield code="a">Educational technology.</subfield>
  </datafield>
  <datafield tag="650" ind1="0" ind2="0">
   <subfield code="a">Instruction.</subfield>
  </datafield>
  <datafield tag="650" ind1="0" ind2="0">
   <subfield code="a">Learning.</subfield>
  </datafield>
  <datafield tag="700" ind1="1" ind2=" ">
   <subfield code="a">Gapuz, Ray A.</subfield>
   <subfield code="e">author.</subfield>
  </datafield>
  <datafield tag="905" ind1=" " ind2=" ">
   <subfield code="a">FI</subfield>
  </datafield>
  <datafield tag="852" ind1="0" ind2=" ">
   <subfield code="a">UPMNL</subfield>
   <subfield code="b">NTTC</subfield>
   <subfield code="h">RT 73</subfield>
   <subfield code="i">A77 2021</subfield>
  </datafield>
  <datafield tag="942" ind1=" " ind2=" ">
   <subfield code="a">Book</subfield>
  </datafield>
 </record>
</collection>
